[Event "POL-chT 1st League"]
[Site "Darlowo"]
[Date "2024.09.19"]
[Round "6.8"]
[White "Zakrzewski, Marek"]
[Black "Wojdak, Jan"]
[Result "1-0"]
[WhiteElo "2299"]
[BlackElo "2217"]
[PlyCount "59"]
[EventDate "2024.09.14"]
[EventType "team-swiss"]
[EventRounds "9"]
[EventCountry "POL"]
[SourceTitle "EXT 2025"]
[Source "ChessBase"]
[SourceDate "2024.10.14"]
[SourceVersion "1"]
[SourceVersionDate "2024.10.14"]
[SourceQuality "1"]

1. e4 c5 2. Nf3 e6 3. d4 cxd4 4. Nxd4 Nc6 5. Bf4 d6 6. Nxc6 bxc6 7. c4 e5 8. Be3 Nf6 9. Nc3 Be7 10. Be2 Be6 11. 0-0 0-0 12. b4 Qc7 13. Rc1 Qb7 14. b5 cxb5 15. cxb5 Rfd8 16. Qa4 d5 17. exd5 Nxd5 18. Nxd5 Bxd5 19. f3 Rd7 20. Qa6 Qb8 21. Rfd1 Qd8 22. Rc2 Bb7 23. Rxd7 Qxd7 24. Qa4 Bd8 25. Rd2 Qe6 26. Qxa7 Qe7 27. Qc5 Qh4 28. g3 Qf6 29. Qd6 Qxd6 30. Rxd6 1-0

[Event "Titled Tuesday intern op 27th Aug Early"]
[Site "Chess.com INT"]
[Date "2024.08.27"]
[Round "3"]
[White "Decker, Thomas"]
[Black "Zakrzewski, Marek"]
[Result "1-0"]
[WhiteElo "2300"]
[BlackElo "2299"]
[PlyCount "61"]
[EventDate "2024.08.27"]
[EventType "swiss (blitz)"]
[EventRounds "11"]
[EventCountry "USA"]
[SourceTitle "EXT 2025"]
[Source "ChessBase"]
[SourceDate "2024.10.14"]
[SourceVersion "1"]
[SourceVersionDate "2024.10.14"]
[SourceQuality "1"]

1. e4 c5 2. Nf3 e6 3. c3 d5 4. e5 d4 5. Bd3 Nc6 6. Be4 Bd7 7. d3 Nge7 8. cxd4 cxd4 9. 0-0 Ng6 10. Nbd2 Ngxe5 11. Nxe5 Nxe5 12. Bxb7 Rb8 13. Ba6 Qb6 14. Bc4 Bd6 15. b3 0-0 16. Nf3 Bc6 17. Nxe5 Bxe5 18. Bd2 Qc7 19. f4 Bd6 20. Qe2 Rfe8 21. Qf2 Ba8 22. Rae1 Qc6 23. Re2 g6 24. Kh1 Bc5 25. a4 Qd6 26. Rfe1 Bd5 27. f5 gxf5 28. Qh4 Bxc4 29. bxc4 Qf8 30. Bh6 Qe7 31. Qg3+ 1-0

[Event "Titled Tuesday intern op 27th Aug Early"]
[Site "Chess.com INT"]
[Date "2024.08.27"]
[Round "8"]
[White "Matveeva, Olga"]
[Black "Zakrzewski, Marek"]
[Result "0-1"]
[WhiteElo "2182"]
[BlackElo "2299"]
[PlyCount "50"]
[EventDate "2024.08.27"]
[EventType "swiss (blitz)"]
[EventRounds "11"]
[EventCountry "USA"]
[SourceTitle "EXT 2025"]
[Source "ChessBase"]
[SourceDate "2024.10.14"]
[SourceVersion "1"]
[SourceVersionDate "2024.10.14"]
[SourceQuality "1"]

1. d4 d5 2. c4 Nc6 3. Nc3 Nf6 4. Nf3 dxc4 5. Bg5 Bg4 6. e3 e6 7. Bxc4 Be7 8. 0-0 0-0 9. Rc1 Na5 10. Be2 c5 11. Bxf6 gxf6 12. d5 b6 13. e4 Nb7 14. Qd2 Kh8 15. Qf4 Rg8 16. Kh1 Bd6 17. e5 Bxf3 18. Qxf3 Bxe5 19. dxe6 Nd6 20. exf7 Nxf7 21. Rfd1 Qf8 22. Rd7 Qh6 23. Qh5 Qxc1+ 24. Rd1 Qg5 25. Qh3 Bxc3 0-1

[Event "Titled Tuesday intern op 27th Aug Early"]
[Site "Chess.com INT"]
[Date "2024.08.27"]
[Round "9"]
[White "Zakrzewski, Marek"]
[Black "Alvarez Leon, Luis"]
[Result "1-0"]
[WhiteElo "2299"]
[BlackElo "2178"]
[PlyCount "125"]
[EventDate "2024.08.27"]
[EventType "swiss (blitz)"]
[EventRounds "11"]
[EventCountry "USA"]
[SourceTitle "EXT 2025"]
[Source "ChessBase"]
[SourceDate "2024.10.14"]
[SourceVersion "1"]
[SourceVersionDate "2024.10.14"]
[SourceQuality "1"]

1. c4 Nf6 2. Nc3 g6 3. d4 Bg7 4. Nf3 0-0 5. Bg5 d6 6. e3 Nbd7 7. Be2 h6 8. Bh4 c5 9. d5 a6 10. 0-0 Rb8 11. a4 b6 12. e4 Ne5 13. Nd2 g5 14. Bg3 Ng6 15. Bd3 e5 16. dxe6 Bxe6 17. Nd5 Ne5 18. Bc2 b5 19. Bxe5 dxe5 20. axb5 axb5 21. b3 Ne8 22. Bd3 Nd6 23. Qe2 f5 24. exf5 Bxd5 25. cxd5 e4 26. Nxe4 Bxa1 27. Nxd6 Qxd6 28. Rxa1 Qxd5 29. Bxb5 Qxf5 30. h3 Ra8 31. Bc4+ Kh8 32. Qb2+ Kh7 33. Rd1 Rad8 34. Re1 Rfe8 35. Ra1 Re7 36. Qc3 Qe5 37. Qa5 Red7 38. Rf1 Rd1 39. Qa7+ Qg7 40. Qxc5 Rxf1+ 41. Bxf1 Qd4 42. Qc2+ Kg7 43. g3 Rd7 44. Kg2 Qd5+ 45. Kg1 Qd2 46. Qc5 Qd4 47. Qc2 Rb7 48. Bc4 Rd7 49. Qf5 Qd6 50. Kg2 Re7 51. h4 Qc6+ 52. Kh2 gxh4 53. Qg4+ Qg6 54. Qxh4 Qg5 55. Qd4+ Qf6 56. Qd5 Qxf2+ 57. Kh3 Qf8 58. b4 Qc8+ 59. Kh4 Qc7 60. b5 Rd7 61. Qg8+ Kf6 62. Qf8+ Ke5 63. Qf4# 1-0

[Event "Titled Tuesday intern op 27th Aug Early"]
[Site "Chess.com INT"]
[Date "2024.08.27"]
[Round "4"]
[White "Zakrzewski, Marek"]
[Black "Arias Gaviria, Mario Alexis"]
[Result "0-1"]
[WhiteElo "2299"]
[BlackElo "2259"]
[PlyCount "80"]
[EventDate "2024.08.27"]
[EventType "swiss (blitz)"]
[EventRounds "11"]
[EventCountry "USA"]
[SourceTitle "EXT 2025"]
[Source "ChessBase"]
[SourceDate "2024.10.14"]
[SourceVersion "1"]
[SourceVersionDate "2024.10.14"]
[SourceQuality "1"]

1. c4 Nf6 2. Nc3 e6 3. g3 d5 4. Bg2 d4 5. Nb1 c5 6. Nf3 Nc6 7. 0-0 Bd6 8. e3 0-0 9. exd4 cxd4 10. d3 Nd7 11. a3 a5 12. Nbd2 e5 13. Re1 Nc5 14. Ne4 Re8 15. Nxc5 Bxc5 16. Bd2 Bf5 17. Qc2 h6 18. Nh4 Bh7 19. Be4 Qf6 20. Bxh7+ Kxh7 21. Re4 g5 22. Ng2 Qg6 23. g4 f5 24. gxf5 Qxf5 25. Rf1 Re6 26. Qd1 Rf8 27. Qh5 Qf3 28. Qxf3 Rxf3 29. Ne1 Rf5 30. Bxa5 Nxa5 31. b4 Nb3 32. bxc5 Nxc5 33. Re2 Ra6 34. Ra2 g4 35. f3 gxf3 36. Rxf3 Rxf3 37. Nxf3 Nxd3 38. a4 Rg6+ 39. Kf1 Rf6 40. Ke2 Nc1+ 0-1

[Event "Titled Tuesday intern op 13th Aug Early"]
[Site "Chess.com INT"]
[Date "2024.08.13"]
[Round "11"]
[White "Badacsonyi, Frankie"]
[Black "Zakrzewski, Marek"]
[Result "1/2-1/2"]
[WhiteElo "2205"]
[BlackElo "2299"]
[PlyCount "147"]
[EventDate "2024.08.13"]
[EventType "swiss (blitz)"]
[EventRounds "11"]
[EventCountry "USA"]
[SourceTitle "EXT 2025"]
[Source "ChessBase"]
[SourceDate "2024.10.14"]
[SourceVersion "1"]
[SourceVersionDate "2024.10.14"]
[SourceQuality "1"]

1. Nf3 Nc6 2. d4 d5 3. Bf4 Bg4 4. e3 Qd7 5. c4 Nf6 6. Nc3 e6 7. cxd5 Nxd5 8. Nxd5 exd5 9. h3 Bb4+ 10. Ke2 Bh5 11. a3 Bd6 12. Bxd6 Qxd6 13. Ke1 0-0 14. Bb5 Ne7 15. Rc1 c6 16. Bd3 Rfe8 17. Kf1 Qf6 18. g4 Bg6 19. Kg2 Nc8 20. Bxg6 hxg6 21. Ne5 Nd6 22. Qf3 Ne4 23. Qxf6 gxf6 24. Nd3 Rac8 25. Nc5 Nd6 26. Rc2 f5 27. b3 fxg4 28. hxg4 Kg7 29. a4 Rh8 30. Rcc1 Rxh1 31. Rxh1 a5 32. Rb1 Rc7 33. b4 axb4 34. Rxb4 Kf6 35. Kf3 Ke7 36. a5 Kd8 37. Ra4 Kc8 38. a6 bxa6 39. Rxa6 Kd8 40. Nd3 f6 41. Nc5 Ke7 42. Ra8 Nc8 43. Nd3 Nb6 44. Rh8 Nd7 45. Nf4 g5 46. Rh7+ Kd6 47. Nd3 Rc8 48. Rh1 Ra8 49. Rc1 Ra4 50. Rb1 Ra3 51. Nb4 Ra4 52. Nd3 Rc4 53. Rb2 Rc3 54. Ke2 c5 55. dxc5+ Nxc5 56. Rb6+ Ke7 57. Nxc5 Rxc5 58. Kd3 Ra5 59. f3 Ra4 60. Rc6 Rb4 61. Ra6 Rc4 62. Ra5 Ke6 63. Ra8 Rb4 64. Re8+ Kd6 65. Rf8 Ke7 66. Rc8 Ke6 67. Rc6+ Ke5 68. Rc8 Rb3+ 69. Kd2 Ra3 70. Re8+ Kd6 71. Rd8+ Ke5 72. Re8+ Kd6 73. Rd8+ Ke5 74. Re8+ 1/2-1/2

[Event "Titled Tuesday intern op 13th Aug Early"]
[Site "Chess.com INT"]
[Date "2024.08.13"]
[Round "10"]
[White "Devaev, Alexander"]
[Black "Zakrzewski, Marek"]
[Result "0-1"]
[WhiteElo "2325"]
[BlackElo "2299"]
[PlyCount "82"]
[EventDate "2024.08.13"]
[EventType "swiss (blitz)"]
[EventRounds "11"]
[EventCountry "USA"]
[SourceTitle "EXT 2025"]
[Source "ChessBase"]
[SourceDate "2024.10.14"]
[SourceVersion "1"]
[SourceVersionDate "2024.10.14"]
[SourceQuality "1"]

1. d4 d5 2. c4 Nc6 3. cxd5 Qxd5 4. Nf3 e5 5. Nc3 Bb4 6. Bd2 Bxc3 7. bxc3 Nf6 8. e3 0-0 9. Qb3 Qd6 10. Be2 Bg4 11. h3 Bh5 12. Qd1 e4 13. Ng1 Bxe2 14. Nxe2 Na5 15. 0-0 Nc4 16. Bc1 b5 17. Qc2 Rfe8 18. Ng3 h5 19. a4 c6 20. Qa2 Qd5 21. Qe2 h4 22. Nh1 Qg5 23. Kh2 Nd5 24. Bd2 Re6 25. Be1 Rg6 26. Rg1 a5 27. axb5 cxb5 28. Rb1 Nc7 29. g3 hxg3+ 30. Rxg3 Qf5 31. Rg4 Rxg4 32. hxg4 Qd5 33. Ng3 a4 34. Qc2 Nd6 35. Ra1 Qe6 36. Kh3 Nd5 37. Bd2 Nf6 38. Qd1 Rc8 39. f4 exf3 40. Qxf3 Nde4 41. Be1 Nxc3 0-1

[Event "Titled Tuesday intern op 13th Aug Early"]
[Site "Chess.com INT"]
[Date "2024.08.13"]
[Round "2"]
[White "Zakrzewski, Marek"]
[Black "Paquico Rodriguez, Ivan"]
[Result "1-0"]
[WhiteElo "2299"]
[BlackElo "2183"]
[PlyCount "165"]
[EventDate "2024.08.13"]
[EventType "swiss (blitz)"]
[EventRounds "11"]
[EventCountry "USA"]
[SourceTitle "EXT 2025"]
[Source "ChessBase"]
[SourceDate "2024.10.14"]
[SourceVersion "1"]
[SourceVersionDate "2024.10.14"]
[SourceQuality "1"]

1. e4 d6 2. d4 g6 3. Nc3 Bg7 4. Nf3 a6 5. Be3 Nd7 6. Qd2 b5 7. a3 Bb7 8. h4 h6 9. h5 g5 10. Be2 Nb6 11. 0-0-0 Nf6 12. e5 Nfd5 13. Nxd5 Nxd5 14. Kb1 Rc8 15. Rhe1 e6 16. Nh2 Nxe3 17. Qxe3 Qe7 18. Ng4 Bd5 19. f4 dxe5 20. dxe5 b4 21. fxg5 bxa3 22. Nf6+ Bxf6 23. gxf6 Qb4 24. Qxa3 Qxa3 25. bxa3 Rb8+ 26. Ka1 0-0 27. Rb1 a5 28. g4 Be4 29. Rxb8 Rxb8 30. Bd1 Bd5 31. Re3 Rb5 32. Be2 Rc5 33. Kb2 Bc6 34. Rc3 Rxc3 35. Kxc3 Bd5 36. Kd4 Kf8 37. c4 Bg2 38. Ke3 c5 39. Kf4 Bc6 40. g5 hxg5+ 41. Kxg5 Kg8 42. Bd3 Kh8 43. Kh6 Kg8 44. Bh7+ Kh8 45. Bg6 Be8 46. Be4 Bd7 47. Bb7 Ba4 48. Be4 Bb3 49. Bd3 Ba4 50. Be4 Bb3 51. Bg6 Kg8 52. Bh7+ Kh8 53. Bd3 Ba4 54. Kg5 Kg8 55. h6 Kh8 56. Kf4 Bb3 57. Ke3 Ba4 58. Kd2 Bc6 59. Kc3 Ba4 60. Bc2 Bc6 61. Bb1 Ba4 62. Be4 Bd7 63. Kb3 Be8 64. Bc2 Bc6 65. Kc3 Bd7 66. Kd2 Bc6 67. Bd3 Bd7 68. Ke3 Bc6 69. Be4 Ba4 70. Kf4 Bd7 71. Bd3 Ba4 72. Kg5 Bd7 73. Be4 Ba4 74. Bg6 Be8 75. Bh5 Kg8 76. Kf4 Kh7 77. Kg5 Kg8 78. Bd1 Bc6 79. Bc2 Be8 80. Bd3 Bc6 81. Be2 Kh7 82. Bd1 Be4 83. Bh5 1-0

[Event "Titled Tuesday intern op 13th Aug Early"]
[Site "Chess.com INT"]
[Date "2024.08.13"]
[Round "9"]
[White "Zakrzewski, Marek"]
[Black "Romero Ruscalleda, Josep"]
[Result "1-0"]
[WhiteElo "2299"]
[BlackElo "2153"]
[PlyCount "127"]
[EventDate "2024.08.13"]
[EventType "swiss (blitz)"]
[EventRounds "11"]
[EventCountry "USA"]
[SourceTitle "EXT 2025"]
[Source "ChessBase"]
[SourceDate "2024.10.14"]
[SourceVersion "1"]
[SourceVersionDate "2024.10.14"]
[SourceQuality "1"]

1. e4 g6 2. d4 Bg7 3. Nc3 d6 4. f4 a6 5. Nf3 b5 6. Bd3 Bb7 7. 0-0 Nd7 8. e5 Nh6 9. e6 Nf8 10. exf7+ Nxf7 11. f5 gxf5 12. Bxf5 e6 13. Bh3 Qe7 14. a4 b4 15. Ne2 Ng6 16. Ng3 0-0 17. Nh5 Bh8 18. Be3 Rae8 19. Qd2 Bxf3 20. Rxf3 Qh4 21. Nf4 Ng5 22. Rff1 Nxf4 23. Bxf4 Nxh3+ 24. gxh3 Rf6 25. Kg2 Rg6+ 26. Bg3 Qxd4 27. Qxd4 Bxd4 28. c3 bxc3 29. bxc3 Bxc3 30. Rac1 Ba5 31. Rc6 Bb6 32. Kh1 a5 33. Bxd6 cxd6 34. Rxb6 e5 35. Ra6 d5 36. Rxa5 d4 37. Rd5 Rf8 38. Rxf8+ Kxf8 39. Rxe5 Rd6 40. Re2 d3 41. Rd2 Ke7 42. Kg2 Ke6 43. Kf3 Ke5 44. Ke3 Rh6 45. Kxd3 Rxh3+ 46. Kc4 Ra3 47. Kb5 h5 48. a5 Rb3+ 49. Kc6 Rc3+ 50. Kb7 Rb3+ 51. Ka7 Kf4 52. a6 Kg4 53. Ka8 Kh3 54. a7 h4 55. Rd4 Ra3 56. Kb7 Rb3+ 57. Kc7 Rc3+ 58. Kb8 Rb3+ 59. Ka8 Ra3 60. Rb4 Ra2 61. Kb7 Rb2 62. Rxb2 Kg4 63. a8Q Kf3 64. Qa3+ 1-0

[Event "Suwalki Warakomska Memorial 8th"]
[Site "Suwalki"]
[Date "2024.07.24"]
[Round "8"]
[White "Schippers, Maurice"]
[Black "Zakrzewski, Marek"]
[Result "1-0"]
[WhiteElo "2263"]
[BlackElo "2294"]
[PlyCount "113"]
[EventDate "2024.07.18"]
[EventType "swiss"]
[EventRounds "9"]
[EventCountry "POL"]
[SourceTitle "EXT 2025"]
[Source "ChessBase"]
[SourceDate "2024.10.14"]
[SourceVersion "1"]
[SourceVersionDate "2024.10.14"]
[SourceQuality "1"]

1. e4 c5 2. Nf3 d6 3. d4 cxd4 4. Nxd4 Nf6 5. Nc3 Nc6 6. Nb3 g6 7. g3 Bg7 8. Bg2 0-0 9. 0-0 Bg4 10. f3 Bd7 11. f4 a5 12. a4 Nb4 13. h3 Qb6+ 14. Kh2 Be6 15. Ra3 Bc4 16. Rf3 d5 17. e5 Ne4 18. Nxe4 dxe4 19. Rc3 Rad8 20. Qe1 Nxc2 21. Rxc2 Bxb3 22. Be3 Qe6 23. Rc7 Bd5 24. Bc5 Rc8 25. Rxe7 Qa6 26. Rc3 Bc4 27. Bd6 Bd3 28. Bxe4 Bxe4 29. Qxe4 Rxc3 30. bxc3 Rc8 31. Rxb7 h5 32. Rb5 Rxc3 33. f5 Kh7 34. fxg6+ fxg6 35. Qb7 Rc2+ 36. Kg1 Qxb7 37. Rxb7 Kh6 38. Kf1 Rc4 39. Kf2 Rxa4 40. Kf3 Ra1 41. e6 Re1 42. Bf4+ g5 43. Be3 Rf1+ 44. Ke4 Rf6 45. Kd5 Rf5+ 46. Kd6 Re5 47. Bd4 Rxe6+ 48. Kxe6 Bxd4 49. Kf5 a4 50. Rd7 Be3 51. Rd6+ Kg7 52. Ra6 h4 53. g4 Bc1 54. Rxa4 Be3 55. Ra6 Bd2 56. Rg6+ Kh7 57. Rxg5 1-0

[Event "Titled Tuesday intern op 16th Jul Early"]
[Site "Chess.com INT"]
[Date "2024.07.16"]
[Round "10"]
[White "Dobrowolski, Piotr"]
[Black "Zakrzewski, Marek"]
[Result "1-0"]
[WhiteElo "2412"]
[BlackElo "2294"]
[PlyCount "39"]
[EventDate "2024.07.16"]
[EventType "swiss (blitz)"]
[EventRounds "11"]
[EventCountry "USA"]
[SourceTitle "EXT 2025"]
[Source "ChessBase"]
[SourceDate "2024.10.14"]
[SourceVersion "1"]
[SourceVersionDate "2024.10.14"]
[SourceQuality "1"]

1. e4 c5 2. Nf3 e6 3. d4 cxd4 4. Nxd4 Nc6 5. Nc3 Qc7 6. Be3 a6 7. g4 b5 8. Nxc6 dxc6 9. Qf3 e5 10. g5 Be6 11. 0-0-0 Bb4 12. Bd2 Ne7 13. Kb1 a5 14. h4 Bc5 15. h5 a4 16. h6 g6 17. Qf6 0-0-0 18. Bh3 Bxh3 19. Rxh3 Rd7 20. Qxh8+ 1-0

[Event "Titled Tuesday intern op 16th Jul Early"]
[Site "Chess.com INT"]
[Date "2024.07.16"]
[Round "2"]
[White "Meissner, Felix"]
[Black "Zakrzewski, Marek"]
[Result "0-1"]
[WhiteElo "2382"]
[BlackElo "2294"]
[PlyCount "100"]
[EventDate "2024.07.16"]
[EventType "swiss (blitz)"]
[EventRounds "11"]
[EventCountry "USA"]
[SourceTitle "EXT 2025"]
[Source "ChessBase"]
[SourceDate "2024.10.14"]
[SourceVersion "1"]
[SourceVersionDate "2024.10.14"]
[SourceQuality "1"]

1. e4 c5 2. Nf3 e6 3. g3 Nc6 4. Bg2 Nf6 5. Nc3 d5 6. d3 d4 7. Ne2 h6 8. c4 e5 9. Nh4 Ne7 10. 0-0 g5 11. Nf3 Ng6 12. Ne1 Bd6 13. f4 gxf4 14. gxf4 exf4 15. Nxf4 Bg4 16. Qa4+ Bd7 17. Qd1 Qe7 18. Nxg6 fxg6 19. Qf3 Ng4 20. h3 Nh2 21. Qe2 Nxf1 22. Qxf1 0-0-0 23. Nf3 Rdf8 24. Qe2 g5 25. e5 Bb8 26. Qe4 Bc6 27. Qg4+ Kd8 28. Bd2 Bxf3 29. Bxf3 Qxe5 30. Qg2 Rxf3 31. Qxf3 Qh2+ 32. Kf1 Qxd2 33. Qd5+ Kc8 34. Qe6+ Kc7 35. Qe5+ Kb6 36. Qf6+ Ka5 37. Qxh8 Qxd3+ 38. Kf2 Qe3+ 39. Kg2 Qe2+ 40. Kg1 Bg3 41. Qf6 Qh2+ 42. Kf1 Qxh3+ 43. Ke2 Qg2+ 44. Kd3 Bf4 45. b4+ Kxb4 46. Rb1+ Ka4 47. Rb3 Qf3+ 48. Kc2 Qe2+ 49. Kb1 Qd1+ 50. Kb2 Qc1# 0-1

[Event "Titled Tuesday intern op 16th Jul Early"]
[Site "Chess.com INT"]
[Date "2024.07.16"]
[Round "11"]
[White "Zakrzewski, Marek"]
[Black "Begunov, Konstantin"]
[Result "1-0"]
[WhiteElo "2294"]
[BlackElo "2325"]
[PlyCount "119"]
[EventDate "2024.07.16"]
[EventType "swiss (blitz)"]
[EventRounds "11"]
[EventCountry "USA"]
[SourceTitle "EXT 2025"]
[Source "ChessBase"]
[SourceDate "2024.10.14"]
[SourceVersion "1"]
[SourceVersionDate "2024.10.14"]
[SourceQuality "1"]

1. e4 c5 2. Nf3 d6 3. Bb5+ Bd7 4. Bxd7+ Qxd7 5. 0-0 Nf6 6. Qe2 Nc6 7. c3 e6 8. Rd1 Be7 9. d4 cxd4 10. cxd4 d5 11. e5 Ne4 12. Nbd2 Nxd2 13. Bxd2 0-0 14. h4 Rac8 15. h5 h6 16. Rac1 Rc7 17. Rc2 Rfc8 18. Rdc1 Nb8 19. Ba5 Rxc2 20. Rxc2 Rxc2 21. Qxc2 Qc6 22. Qc3 b6 23. Qxc6 Nxc6 24. Bc3 b5 25. b3 a5 26. Kf1 a4 27. bxa4 bxa4 28. Ke2 Kf8 29. Kd3 Ke8 30. Ne1 Kd7 31. Nc2 Kc7 32. f4 Kb6 33. g4 Kb5 34. Bd2 f6 35. exf6 Bxf6 36. g5 hxg5 37. fxg5 Be7 38. h6 gxh6 39. gxh6 Bf6 40. Bf4 e5 41. dxe5 Nxe5+ 42. Bxe5 Bxe5 43. h7 Bh8 44. a3 Kc5 45. Ne3 Kd6 46. Ng4 Ke6 47. Ne3 Ke5 48. Nd1 Kf5 49. Nc3 Kg6 50. Nxa4 Kxh7 51. Nb6 Be5 52. a4 Bb8 53. Nxd5 Kg6 54. Kc4 Kf5 55. Kb5 Ke6 56. Kc6 Ba7 57. a5 Ke5 58. a6 Kd4 59. Kb7 Bc5 60. Nb6 1-0

[Event "Titled Tuesday intern op 16th Jul Early"]
[Site "Chess.com INT"]
[Date "2024.07.16"]
[Round "4"]
[White "Zakrzewski, Marek"]
[Black "Tang, Andrew"]
[Result "0-1"]
[WhiteElo "2294"]
[BlackElo "2502"]
[PlyCount "116"]
[EventDate "2024.07.16"]
[EventType "swiss (blitz)"]
[EventRounds "11"]
[EventCountry "USA"]
[SourceTitle "EXT 2025"]
[Source "ChessBase"]
[SourceDate "2024.10.14"]
[SourceVersion "1"]
[SourceVersionDate "2024.10.14"]
[SourceQuality "1"]

1. e4 e5 2. Nf3 Nc6 3. Nc3 Nf6 4. d4 exd4 5. Nxd4 Nxe4 6. Nxe4 Qe7 7. f3 d5 8. Bb5 Bd7 9. Bxc6 bxc6 10. 0-0 dxe4 11. Re1 0-0-0 12. Rxe4 Qb4 13. c3 Qb6 14. Qb3 c5 15. Qxb6 axb6 16. Nb3 Bd6 17. Bg5 f6 18. Bh4 Bf5 19. Re2 Bd3 20. Re3 c4 21. Nd4 Bc5 22. Bf2 Bxd4 23. cxd4 Rxd4 24. Re7 Rd7 25. Rae1 Rhd8 26. h4 h5 27. g3 Bf5 28. Kg2 Rd2 29. R1e2 b5 30. a3 R8d3 31. Be1 Rxe2+ 32. Rxe2 Bd7 33. Kf2 Bc6 34. Re3 Rd1 35. Bc3 Kd7 36. Re2 Rd3 37. Rd2 Bd5 38. Rxd3 cxd3 39. b4 Ke6 40. Ke3 Bc4 41. Bd2 Kd5 42. Bc3 Ke6 43. Bb2 Kf5 44. Bc3 g5 45. Be1 c6 46. Bd2 Bd5 47. Bc3 Bc4 48. Bd2 g4 49. f4 Ke6 50. Bc3 f5 51. Bb2 Kd5 52. Be5 d2 53. Kxd2 Ke4 54. Bc3 Kf3 55. Ke1 Kxg3 56. Bf6 Kxf4 57. Kf2 g3+ 58. Kg2 Kg4 0-1

[Event "Bohumin op-A 7th"]
[Site "Bohumin"]
[Date "2024.06.30"]
[Round "3"]
[White "Kondys, Piotr"]
[Black "Zakrzewski, Marek"]
[Result "1/2-1/2"]
[WhiteElo "2111"]
[BlackElo "2294"]
[PlyCount "132"]
[EventDate "2024.06.29"]
[EventType "swiss"]
[EventRounds "9"]
[EventCountry "CZE"]
[SourceTitle "CBM 221 Extra"]
[Source "ChessBase"]
[SourceDate "2024.09.30"]
[SourceVersion "1"]
[SourceVersionDate "2024.09.30"]
[SourceQuality "1"]

1. e4 c5 2. Nf3 e6 3. d4 cxd4 4. Nxd4 Nc6 5. Nb5 d6 6. c4 Nf6 7. N1c3 a6 8. Na3 Qa5 9. Bd2 Be7 10. Be2 0-0 11. Nc2 Qc7 12. 0-0 Ne5 13. Ne3 Bd7 14. Rc1 Rac8 15. Qb3 Qb8 16. f3 Nc6 17. Bd3 Nd4 18. Qd1 b5 19. b3 Rfe8 20. Be1 b4 21. Nb1 a5 22. Bf2 Bd8 23. Nd2 Bb6 24. Nc2 Qa7 25. Nxd4 Bxd4 26. Qe2 h5 27. Rfd1 a4 28. Nf1 Kf8 29. Bc2 Bxf2+ 30. Qxf2 Qxf2+ 31. Kxf2 Ke7 32. Ne3 Ra8 33. Rd2 axb3 34. axb3 Ra6 35. Rcd1 Rea8 36. g3 Be8 37. Bd3 Ra3 38. Rb2 Rb8 39. Nc2 Raa8 40. Nd4 g6 41. Rdd2 e5 42. Nc2 Bc6 43. Ne3 Nd7 44. Bb1 Nc5 45. Ke2 Ra3 46. Bc2 Ne6 47. Bd1 Nc5 48. Bc2 Kd7 49. Bd1 Kc7 50. Bc2 Rb6 51. Bd1 Bb7 52. Bc2 f6 53. Bd1 Bc6 54. Bc2 Ne6 55. Bd1 Nd4+ 56. Kf2 Rba6 57. Nc2 Nxc2 58. Bxc2 Ra2 59. Bb1 Rxb2 60. Rxb2 Kb6 61. Ra2 Rxa2+ 62. Bxa2 Kc5 63. Ke3 Bd7 64. Bb1 Be6 65. Bd3 Kc6 66. Bf1 Kc5 1/2-1/2

[Event "Bohumin op-A 7th"]
[Site "Bohumin"]
[Date "2024.06.30"]
[Round "2"]
[White "Zakrzewski, Marek"]
[Black "Dylong, Antoni"]
[Result "1-0"]
[WhiteElo "2294"]
[BlackElo "2090"]
[PlyCount "37"]
[EventDate "2024.06.29"]
[EventType "swiss"]
[EventRounds "9"]
[EventCountry "CZE"]
[SourceTitle "CBM 221 Extra"]
[Source "ChessBase"]
[SourceDate "2024.09.30"]
[SourceVersion "1"]
[SourceVersionDate "2024.09.30"]
[SourceQuality "1"]

1. e4 e6 2. d4 d5 3. Bd3 c5 4. exd5 exd5 5. c3 Nc6 6. Nf3 cxd4 7. cxd4 Bb4+ 8. Nc3 Nge7 9. 0-0 Bg4 10. Re1 Bxf3 11. Qxf3 Nxd4 12. Qg4 Bxc3 13. bxc3 Ne6 14. Ba3 Qd7 15. f4 g6 16. Qh4 g5 17. Qh6 gxf4 18. Qf6 Rf8 19. Bb5 1-0

[Event "Titled Tuesday intern op 25th Jun Late"]
[Site "Chess.com INT"]
[Date "2024.06.25"]
[Round "1"]
[White "Zakrzewski, Marek"]
[Black "Korol, Dimitry"]
[Result "1-0"]
[WhiteElo "2294"]
[BlackElo "2287"]
[PlyCount "89"]
[EventDate "2024.06.25"]
[EventType "swiss (blitz)"]
[EventRounds "11"]
[EventCountry "USA"]
[SourceTitle "EXT 2025"]
[Source "ChessBase"]
[SourceDate "2024.10.14"]
[SourceVersion "1"]
[SourceVersionDate "2024.10.14"]
[SourceQuality "1"]

1. e4 c5 2. Nf3 d6 3. Bb5+ Nd7 4. a4 Ngf6 5. Nc3 g6 6. a5 Bg7 7. 0-0 0-0 8. Re1 Nb8 9. h3 Bd7 10. Bf1 Nc6 11. a6 b6 12. d4 cxd4 13. Nxd4 Nxd4 14. Qxd4 Be6 15. Qd1 d5 16. e5 Ne4 17. Nxe4 dxe4 18. Bf4 Rc8 19. c3 Bd5 20. Qd4 Ba8 21. Qxd8 Rfxd8 22. Red1 h6 23. Bb5 g5 24. Bg3 e6 25. Kf1 h5 26. h4 g4 27. Bf4 Bd5 28. Ke2 Bf8 29. Bg5 Bg7 30. Bxd8 Rxd8 31. c4 Bxe5 32. cxd5 exd5 33. Bc6 d4 34. Bxe4 Kg7 35. Rac1 Rd7 36. Rc6 f6 37. Kd3 Re7 38. Rdc1 Kf7 39. Rc8 Ke6 40. R1c6+ Kf7 41. Rh8 Kg7 42. Rcc8 f5 43. Bxf5 Bf4 44. Rh7+ Kf6 45. Rf8+ 1-0

[Event "Titled Tuesday intern op 13th Feb Late"]
[Site "Chess.com INT"]
[Date "2024.02.13"]
[Round "1"]
[White "Tanwir, Furquan"]
[Black "Zakrzewski, Marek"]
[Result "1-0"]
[WhiteElo "1934"]
[BlackElo "2294"]
[PlyCount "73"]
[EventDate "2024.02.13"]
[EventType "swiss (blitz)"]
[EventRounds "11"]
[EventCountry "USA"]
[SourceTitle "CBM 218 Extra"]
[Source "ChessBase"]
[SourceDate "2024.03.31"]
[SourceVersion "1"]
[SourceVersionDate "2024.03.31"]
[SourceQuality "1"]

1. e4 c5 2. Nf3 e6 3. d4 cxd4 4. Nxd4 Nc6 5. Nc3 Qc7 6. g3 a6 7. Bg2 d6 8. 0-0 Bd7 9. Re1 Be7 10. Nxc6 Bxc6 11. Nd5 exd5 12. exd5 Bd7 13. Bg5 f6 14. Bf4 h5 15. Qd3 0-0-0 16. c4 g5 17. Bd2 h4 18. Bc3 hxg3 19. hxg3 Bh3 20. b4 Qd7 21. Be4 Nh6 22. c5 dxc5 23. bxc5 Kb8 24. c6 bxc6 25. Qxa6 Bc5 26. Rab1+ Kc7 27. Rb7+ Kd6 28. Rxd7+ Bxd7 29. dxc6 Bc8 30. Qd3+ Kc7 31. Ba5+ Bb6 32. Bxb6+ Kxb6 33. Rb1+ Kc7 34. Qc3 Ng4 35. Qa5+ Kd6 36. Rd1+ Ke7 37. Qc7+ 1-0

[Event "Titled Tuesday intern op 13th Feb Early"]
[Site "Chess.com INT"]
[Date "2024.02.13"]
[Round "1"]
[White "Zakrzewski, Marek"]
[Black "Ardila, Oscar Humberto"]
[Result "1-0"]
[WhiteElo "2294"]
[BlackElo "1952"]
[PlyCount "87"]
[EventDate "2024.02.13"]
[EventType "swiss (blitz)"]
[EventRounds "11"]
[EventCountry "USA"]
[SourceTitle "CBM 218 Extra"]
[Source "ChessBase"]
[SourceDate "2024.03.31"]
[SourceVersion "1"]
[SourceVersionDate "2024.03.31"]
[SourceQuality "1"]

1. d4 Nf6 2. Nf3 g6 3. c4 Bg7 4. Nc3 0-0 5. Bg5 d6 6. e3 h6 7. Bh4 Bg4 8. h3 Bxf3 9. Qxf3 c6 10. Bd3 Nbd7 11. 0-0 Qb6 12. Qe2 e5 13. d5 cxd5 14. Nxd5 Nxd5 15. cxd5 Nc5 16. Bc4 f5 17. b4 Qxb4 18. Be7 Rfe8 19. Bxd6 Qb6 20. Bxc5 Qxc5 21. d6+ Kh7 22. Rfd1 Rad8 23. Rd5 Qb4 24. Rad1 e4 25. h4 Re5 26. Rxe5 Bxe5 27. d7 a6 28. Bf7 Qe7 29. Be8 Qxh4 30. g3 Bxg3 31. fxg3 Qxg3+ 32. Kf1 Qh3+ 33. Qg2 Qh5 34. Rd6 Kh8 35. Qxg6 Qf3+ 36. Kg1 Qxe3+ 37. Kh2 Qf4+ 38. Qg3 Qc1 39. Qe5+ Kh7 40. Bg6+ Kg8 41. Qe6+ Kg7 42. Qf6+ Kg8 43. Qf7+ Kh8 44. Qh7# 1-0